<?xml version="1.0" encoding="UTF-8"?>
<record
    xmlns:xsi="http://www.w3.org/2001/XMLSchema-instance"
    xsi:schemaLocation="http://www.loc.gov/MARC21/slim http://www.loc.gov/standards/marcxml/schema/MARC21slim.xsd"
    xmlns="http://www.loc.gov/MARC21/slim">

  <leader>03483cam a2200445 a 4500</leader>
  <controlfield tag="005">20031223200516.0</controlfield>
  <controlfield tag="008">010423r19901962nyua   c      000 1 eng  </controlfield>
  <datafield tag="010" ind1=" " ind2=" ">
    <subfield code="a">B-357760</subfield>
  </datafield>
  <datafield tag="020" ind1=" " ind2=" ">
    <subfield code="a">9780380709151</subfield>
    <subfield code="c">154.80</subfield>
  </datafield>
  <datafield tag="035" ind1=" " ind2=" ">
    <subfield code="a">B-357760</subfield>
  </datafield>
  <datafield tag="035" ind1=" " ind2=" ">
    <subfield code="a">B-345596-607</subfield>
  </datafield>
  <datafield tag="037" ind1=" " ind2=" ">
    <subfield code="b">Tarun Books</subfield>
  </datafield>
  <datafield tag="040" ind1=" " ind2=" ">
    <subfield code="a">dpl</subfield>
    <subfield code="b">English </subfield>
  </datafield>
  <datafield tag="082" ind1=" " ind2=" ">
    <subfield code="a">S</subfield>
  </datafield>
  <datafield tag="100" ind1=" " ind2=" ">
    <subfield code="a">Cleary, Beverly</subfield>
  </datafield>
  <datafield tag="245" ind1=" " ind2=" ">
    <subfield code="a">Henry and the clubhouse /</subfield>
    <subfield code="c">by Beverly Cleary; illustrated by Tracy Dockray</subfield>
  </datafield>
  <datafield tag="260" ind1=" " ind2=" ">
    <subfield code="a">New York </subfield>
    <subfield code="b">Harper Collins Publishers</subfield>
    <subfield code="c">2007</subfield>
  </datafield>
  <datafield tag="270" ind1=" " ind2=" ">
    <subfield code="a">1350 Avenue of the Americas</subfield>
    <subfield code="b">New York</subfield>
    <subfield code="e">NY 10019</subfield>
  </datafield>
  <datafield tag="300" ind1=" " ind2=" ">
    <subfield code="a">197, 13p. :</subfield>
    <subfield code="a">199, 13p. :</subfield>
    <subfield code="b">ill. </subfield>
    <subfield code="c">19cm(pbk)</subfield>
  </datafield>
  <datafield tag="650" ind1=" " ind2=" ">
    <subfield code="a">Newspaper carriers</subfield>
    <subfield code="v">Fiction.</subfield>
  </datafield>
  <datafield tag="650" ind1=" " ind2=" ">
    <subfield code="a">Family life</subfield>
    <subfield code="v">Fiction.</subfield>
  </datafield>
  <datafield tag="700" ind1=" " ind2=" ">
    <subfield code="a">Dockray, Tracy</subfield>
  </datafield>
  <datafield tag="856" ind1=" " ind2=" ">
    <subfield code="3">Publisher description</subfield>
    <subfield code="u">http://www.loc.gov/catdir/description/hc043/2001268198.html</subfield>
  </datafield>
  <datafield tag="942" ind1=" " ind2=" ">
    <subfield code="2">ddc</subfield>
    <subfield code="c">CH</subfield>
    <subfield code="h">S</subfield>
    <subfield code="m">CLE</subfield>
  </datafield>
  <datafield tag="999" ind1=" " ind2=" ">
    <subfield code="c">21520</subfield>
    <subfield code="d">21520</subfield>
  </datafield>
  <datafield tag="952" ind1=" " ind2=" ">
    <subfield code="0">0</subfield>
    <subfield code="1">0</subfield>
    <subfield code="2">ddc</subfield>
    <subfield code="4">0</subfield>
    <subfield code="7">0</subfield>
    <subfield code="8">FIC</subfield>
    <subfield code="a">JP</subfield>
    <subfield code="b">JP</subfield>
    <subfield code="d">2009-09-17</subfield>
    <subfield code="e">Tarun Books/4121/9.9.09/89/2.9.09/11.9.09</subfield>
    <subfield code="g">154.80</subfield>
    <subfield code="l">32</subfield>
    <subfield code="m">1</subfield>
    <subfield code="o">S CLE</subfield>
    <subfield code="p">B-357760</subfield>
    <subfield code="r">2019-04-30 00:00:00</subfield>
    <subfield code="s">2019-04-10</subfield>
    <subfield code="t">1</subfield>
    <subfield code="v">154.80</subfield>
    <subfield code="w">2009-09-17</subfield>
    <subfield code="y">CH</subfield>
  </datafield>
  <datafield tag="952" ind1=" " ind2=" ">
    <subfield code="0">0</subfield>
    <subfield code="1">0</subfield>
    <subfield code="2">ddc</subfield>
    <subfield code="4">0</subfield>
    <subfield code="7">0</subfield>
    <subfield code="8">FIC</subfield>
    <subfield code="a">M</subfield>
    <subfield code="b">M</subfield>
    <subfield code="d">2009-10-12</subfield>
    <subfield code="e">Tarun Books/3947/21.5.09/13/23.4.09/4.7.09</subfield>
    <subfield code="g">154.80</subfield>
    <subfield code="l">0</subfield>
    <subfield code="o">S CLE</subfield>
    <subfield code="p">B-345596</subfield>
    <subfield code="r">2009-10-12 00:00:00</subfield>
    <subfield code="t">2</subfield>
    <subfield code="v">154.80</subfield>
    <subfield code="w">2009-10-12</subfield>
    <subfield code="y">CH</subfield>
  </datafield>
  <datafield tag="952" ind1=" " ind2=" ">
    <subfield code="0">0</subfield>
    <subfield code="1">0</subfield>
    <subfield code="2">ddc</subfield>
    <subfield code="4">0</subfield>
    <subfield code="7">0</subfield>
    <subfield code="8">FIC</subfield>
    <subfield code="a">M</subfield>
    <subfield code="b">M</subfield>
    <subfield code="d">2009-10-12</subfield>
    <subfield code="e">Tarun Books/3947/21.5.09/13/23.4.09/4.7.09</subfield>
    <subfield code="g">154.80</subfield>
    <subfield code="l">0</subfield>
    <subfield code="o">S CLE</subfield>
    <subfield code="p">B-345597</subfield>
    <subfield code="r">2009-10-12 00:00:00</subfield>
    <subfield code="t">2</subfield>
    <subfield code="v">154.80</subfield>
    <subfield code="w">2009-10-12</subfield>
    <subfield code="y">CH</subfield>
  </datafield>
  <datafield tag="952" ind1=" " ind2=" ">
    <subfield code="0">0</subfield>
    <subfield code="1">0</subfield>
    <subfield code="2">ddc</subfield>
    <subfield code="4">0</subfield>
    <subfield code="7">0</subfield>
    <subfield code="8">FIC</subfield>
    <subfield code="a">L</subfield>
    <subfield code="b">L</subfield>
    <subfield code="d">2009-10-12</subfield>
    <subfield code="e">Tarun Books/3947/21.5.09/13/23.4.09/4.7.09</subfield>
    <subfield code="g">154.80</subfield>
    <subfield code="l">1</subfield>
    <subfield code="o">S CLE</subfield>
    <subfield code="p">B-345598</subfield>
    <subfield code="r">2020-05-20 00:00:00</subfield>
    <subfield code="s">2020-03-11</subfield>
    <subfield code="t">1</subfield>
    <subfield code="v">154.80</subfield>
    <subfield code="w">2009-10-12</subfield>
    <subfield code="y">CH</subfield>
  </datafield>
  <datafield tag="952" ind1=" " ind2=" ">
    <subfield code="0">0</subfield>
    <subfield code="1">0</subfield>
    <subfield code="2">ddc</subfield>
    <subfield code="4">0</subfield>
    <subfield code="7">0</subfield>
    <subfield code="8">FIC</subfield>
    <subfield code="a">BL1</subfield>
    <subfield code="b">BL1</subfield>
    <subfield code="d">2009-10-12</subfield>
    <subfield code="e">Tarun Books/3947/21.5.09/13/23.4.09/4.7.09</subfield>
    <subfield code="g">154.80</subfield>
    <subfield code="l">0</subfield>
    <subfield code="o">S CLE</subfield>
    <subfield code="p">B-345599</subfield>
    <subfield code="r">2009-10-12 00:00:00</subfield>
    <subfield code="t">1</subfield>
    <subfield code="v">154.80</subfield>
    <subfield code="w">2009-10-12</subfield>
    <subfield code="y">CH</subfield>
  </datafield>
  <datafield tag="952" ind1=" " ind2=" ">
    <subfield code="0">0</subfield>
    <subfield code="1">0</subfield>
    <subfield code="2">ddc</subfield>
    <subfield code="4">0</subfield>
    <subfield code="7">0</subfield>
    <subfield code="8">FIC</subfield>
    <subfield code="a">PR</subfield>
    <subfield code="b">PR</subfield>
    <subfield code="d">2009-10-12</subfield>
    <subfield code="e">Tarun Books/3947/21.5.09/13/23.4.09/4.7.09</subfield>
    <subfield code="g">154.80</subfield>
    <subfield code="l">0</subfield>
    <subfield code="o">S CLE</subfield>
    <subfield code="p">B-345600</subfield>
    <subfield code="r">2009-10-12 00:00:00</subfield>
    <subfield code="t">1</subfield>
    <subfield code="v">154.80</subfield>
    <subfield code="w">2009-10-12</subfield>
    <subfield code="y">CH</subfield>
  </datafield>
  <datafield tag="952" ind1=" " ind2=" ">
    <subfield code="0">0</subfield>
    <subfield code="1">0</subfield>
    <subfield code="2">ddc</subfield>
    <subfield code="4">0</subfield>
    <subfield code="7">0</subfield>
    <subfield code="8">FIC</subfield>
    <subfield code="a">ZLS</subfield>
    <subfield code="b">ZLS</subfield>
    <subfield code="d">2009-10-12</subfield>
    <subfield code="e">Tarun Books/3947/21.5.09/13/23.4.09/4.7.09</subfield>
    <subfield code="g">154.80</subfield>
    <subfield code="l">0</subfield>
    <subfield code="o">S CLE</subfield>
    <subfield code="p">B-345601</subfield>
    <subfield code="r">2009-10-12 00:00:00</subfield>
    <subfield code="t">1</subfield>
    <subfield code="v">154.80</subfield>
    <subfield code="w">2009-10-12</subfield>
    <subfield code="y">CH</subfield>
  </datafield>
  <datafield tag="952" ind1=" " ind2=" ">
    <subfield code="0">0</subfield>
    <subfield code="1">0</subfield>
    <subfield code="2">ddc</subfield>
    <subfield code="4">0</subfield>
    <subfield code="7">0</subfield>
    <subfield code="8">FIC</subfield>
    <subfield code="a">JB</subfield>
    <subfield code="b">JB</subfield>
    <subfield code="d">2009-10-12</subfield>
    <subfield code="e">Tarun Books/3947/21.5.09/13/23.4.09/4.7.09</subfield>
    <subfield code="g">154.80</subfield>
    <subfield code="l">0</subfield>
    <subfield code="o">S CLE</subfield>
    <subfield code="p">B-345602</subfield>
    <subfield code="r">2009-10-12 00:00:00</subfield>
    <subfield code="t">1</subfield>
    <subfield code="v">154.80</subfield>
    <subfield code="w">2009-10-12</subfield>
    <subfield code="y">CH</subfield>
  </datafield>
  <datafield tag="952" ind1=" " ind2=" ">
    <subfield code="0">0</subfield>
    <subfield code="1">0</subfield>
    <subfield code="2">ddc</subfield>
    <subfield code="4">0</subfield>
    <subfield code="7">0</subfield>
    <subfield code="8">FIC</subfield>
    <subfield code="a">VP</subfield>
    <subfield code="b">VP</subfield>
    <subfield code="d">2009-10-12</subfield>
    <subfield code="e">Tarun Books/3947/21.5.09/13/23.4.09/4.7.09</subfield>
    <subfield code="g">154.80</subfield>
    <subfield code="l">12</subfield>
    <subfield code="o">S CLE</subfield>
    <subfield code="p">B-345603</subfield>
    <subfield code="r">2024-02-19 00:00:00</subfield>
    <subfield code="s">2024-02-07</subfield>
    <subfield code="t">1</subfield>
    <subfield code="v">154.80</subfield>
    <subfield code="w">2009-10-12</subfield>
    <subfield code="y">CH</subfield>
  </datafield>
  <datafield tag="952" ind1=" " ind2=" ">
    <subfield code="0">0</subfield>
    <subfield code="1">0</subfield>
    <subfield code="2">ddc</subfield>
    <subfield code="4">0</subfield>
    <subfield code="7">0</subfield>
    <subfield code="8">FIC</subfield>
    <subfield code="a">BN</subfield>
    <subfield code="b">BN</subfield>
    <subfield code="d">2009-10-12</subfield>
    <subfield code="e">Tarun Books/3947/21.5.09/13/23.4.09/4.7.09</subfield>
    <subfield code="g">154.80</subfield>
    <subfield code="l">1</subfield>
    <subfield code="o">S CLE</subfield>
    <subfield code="p">B-345604</subfield>
    <subfield code="r">2019-06-08 00:00:00</subfield>
    <subfield code="s">2019-06-07</subfield>
    <subfield code="t">1</subfield>
    <subfield code="v">154.80</subfield>
    <subfield code="y">CH</subfield>
  </datafield>
  <datafield tag="952" ind1=" " ind2=" ">
    <subfield code="0">0</subfield>
    <subfield code="1">0</subfield>
    <subfield code="2">ddc</subfield>
    <subfield code="4">0</subfield>
    <subfield code="7">0</subfield>
    <subfield code="8">FIC</subfield>
    <subfield code="a">NR</subfield>
    <subfield code="b">NR</subfield>
    <subfield code="d">2009-10-12</subfield>
    <subfield code="e">Tarun Books/3947/21.5.09/13/23.4.09/4.7.09</subfield>
    <subfield code="g">154.80</subfield>
    <subfield code="l">0</subfield>
    <subfield code="o">S CLE</subfield>
    <subfield code="p">B-345605</subfield>
    <subfield code="r">2009-10-12 00:00:00</subfield>
    <subfield code="t">1</subfield>
    <subfield code="v">154.80</subfield>
    <subfield code="w">2009-10-12</subfield>
    <subfield code="y">CH</subfield>
  </datafield>
  <datafield tag="952" ind1=" " ind2=" ">
    <subfield code="0">0</subfield>
    <subfield code="1">5</subfield>
    <subfield code="2">ddc</subfield>
    <subfield code="4">0</subfield>
    <subfield code="7">0</subfield>
    <subfield code="8">FIC</subfield>
    <subfield code="a">BN</subfield>
    <subfield code="b">BN</subfield>
    <subfield code="d">2009-10-12</subfield>
    <subfield code="e">Tarun Books/3947/21.5.09/13/23.4.09/4.7.09</subfield>
    <subfield code="g">154.80</subfield>
    <subfield code="l">0</subfield>
    <subfield code="o">S CLE</subfield>
    <subfield code="p">B-345606</subfield>
    <subfield code="r">2009-10-12 00:00:00</subfield>
    <subfield code="t">1</subfield>
    <subfield code="v">154.80</subfield>
    <subfield code="y">CH</subfield>
  </datafield>
  <datafield tag="952" ind1=" " ind2=" ">
    <subfield code="0">0</subfield>
    <subfield code="1">0</subfield>
    <subfield code="2">ddc</subfield>
    <subfield code="4">0</subfield>
    <subfield code="7">0</subfield>
    <subfield code="8">FIC</subfield>
    <subfield code="a">BL4</subfield>
    <subfield code="b">BL4</subfield>
    <subfield code="d">2009-10-12</subfield>
    <subfield code="e">Tarun Books/3947/21.5.09/13/23.4.09/4.7.09</subfield>
    <subfield code="g">154.80</subfield>
    <subfield code="l">1</subfield>
    <subfield code="m">1</subfield>
    <subfield code="o">S CLE</subfield>
    <subfield code="p">B-345607</subfield>
    <subfield code="r">2019-02-15 00:00:00</subfield>
    <subfield code="s">2019-01-15</subfield>
    <subfield code="t">1</subfield>
    <subfield code="v">154.80</subfield>
    <subfield code="w">2009-10-12</subfield>
    <subfield code="y">CH</subfield>
  </datafield>
</record>
